02502cam a2200481 i 4500001001300000003000600013005001700019008004100036035002200077035002400099040007500123245011000198246002500308260007500333300002400408336002700432337005400459338002800513380001600541490012300557490008600680500014100766504005000907505020800957648001901165648001901184650002001203650004501223650007301268651001601341658003401357700003301391700004801424700003301472700004201505700006301547700006901610700007501679710005901754710007001813830005301883830008401936zz2004848177NUKAT20260429212542.0040504s1936 pl |000 0 pol c a(OCoLC)1424196596 a(NUKAT)zz2004848177 aGD U/TZbpolerdacGD U/TZdGD U/TZdGD U/TZsdGD U/DorodOLSZT 008/AL00aPolska w czasie wielkiej wojny (1914-1918).nT. 3,pHistorja ekonomiczna /cFundacja Pokojowa Carnegiego.15aHistorja ekonomiczna aWarszawa :bTowarzystwo Badania Zagadnień Międzynarodowych,c1936. a489 stron ;c25 cm. aTekstbtxt2rdacontent aBez urządzenia pośredniczącegobn2rdamedia aWoluminbnc2rdacarrier aKsiążki1 aPolska w czasie wielkiej wojny (1914-1918). Historja społeczna i ekonomiczna / pod red. Marcelego Handelsmana ;vt. 31 aBiblioteka Historyczna Towarzystwa Badania Zagadnień Międzynarodowych ;vt. 3 aStrona przedtytułowa: Wydawnictwo Fundacji Pokojowej Carnegiego. Oddział Ekonomiczno-Historyczny / pod redakcją James T. Shotwell'a. aBibliografia przy dziełach współwydanych.0 aZniszczenia i szkody wojenne / Józef Bankiewicz, Bohdan Domosławski. Przemysł i handel Polski / Hipolit Gliwic. Rolnictwo Polski 1914-1920 / Władysław Grabski, Józef Stojanowski, Jan Warężak. 7a1901-20002DBN 7a1914-19182DBN 7aGospodarka2DBN 7aSzkody wojennezPolskay1900-1945.2kaba 7aWojna światowa (1914-1918)xzniszczenia i grabieżzPolska.2kaba 7aPolska2DBN aGospodarka, ekonomia, finanse1 aDomosławski, Bohdan.eAutor1 aHandelsman, Marcelid(1882-1945).eRedakcja1 aStojanowski, Józef.eAutor1 aWarężak, Jand(1896-1967).eAutor12aBankiewicz, Józef.tZniszczenia i szkody wojennel(pol.)12aGliwic, Hipolitd(1878-1943).tPrzemysł i handel Polskil(pol.)12aGrabski, Władysławd(1874-1938).tRolnictwo Polski 1914-1920l(pol.)2 aCarnegie Corporation of New York.eInstytucja sprawcza2 aTowarzystwo Badania Zagadnień Międzynarodowych.eWydawca4pbl 0aPolska w czasie wielkiej wojny (1914-1918)vt. 3 0aBiblioteka Historyczna Towarzystwa Badania Zagadnień Międzynarodowychvt. 3